000 00340nam a2200145Ia 4500
008 231217s9999 xx 000 0 und d
041 _aEnglish
082 _a158 DKB.11 `R'
100 _aHeller, Robert
245 0 _aManaging teams
260 _c1998
_bDorling kindersley
300 _a72
650 _aTeam management
942 _cAA
999 _c166814
_d166814